What is an exchange? : the automation, management, and regulation of financial markets

Αποθηκεύτηκε σε:
Λεπτομέρειες βιβλιογραφικής εγγραφής
Κύριος συγγραφέας: Lee, Ruben
Μορφή: Βιβλίο
Γλώσσα:English
Δημοσίευση: Oxford : Oxford University Press, c1998
Θέματα:
Ετικέτες: Προσθήκη ετικέτας
Δεν υπάρχουν, Καταχωρήστε ετικέτα πρώτοι!

MARC

LEADER 00000nam a2200000 i 4500
001 1/14197
008 001204s1998 eng d
020 |a 0-19-828840-9 (pbk.) 
035 |l 10064911 
040 |a GR-MY-UA  |b gre  |e aacr 
041 0 |a eng 
082 0 |a 332.642068 
100 1 |a Lee, Ruben. 
245 1 0 |a What is an exchange? :  |b the automation, management, and regulation of financial markets /  |c Ruben Lee 
260 |a Oxford :   |b Oxford University Press,   |c c1998 
300 |a xvii, 405 p. 
504 |a Includes bibliographical references 
650 0 0 |a Stock exchanges  |x Management. 
650 0 0 |a Futures market  |x Management. 
852 |a INST  |b CHIOS  |e 20001204  |h 332.642068 LEE  |p 005200017108  |q 005200017108  |t BK  |y 0 
901 |a BIBL2-2001-1 
909 |a Χ  |b 082394 
922 |a 2ΕΛΗ  |b 200010  |c ΤΜΟΔ  |d ΜΙΧΑΛΟΠΟΥΛΟΣ 
950 |a 186-2000-09-14 
970 |a ΣΑΛΑΜΟΥΡΑ  |b ΜΑΡΙΑ  |z 2001/01/12